Geography Quiz

Random Geography or Asia Quiz

Monopoly by Boardwalk: Asia and Oceania Quiz Stats

 Plays Quiz not verified by Sporcle

Score 0/12 Timer 02:00
0 Plays Today
% Correct
India
97.2%
China
94.4%
South Korea
88.9%
Israel
75%
Japan
72.2%
Lebanon (Beirut)
69.4%
Australia
63.9%
Malaysia (Kuala Lumpur)
55.6%
Philippines (Metro Manila)
41.7%
New Zealand
38.9%
Indonesia
36.1%
Singapore
30.6%

You're not logged in!

Compare scores with friends on all Sporcle quizzes.
OR
Log In

Show Comments

Extras

Top Quizzes Today


Score Distribution

Your Account Isn't Verified!

In order to create a playlist on Sporcle, you need to verify the email address you used during registration. Go to your Sporcle Settings to finish the process.

Report this User

Report this user for behavior that violates our Community Guidelines.

Details: